00551 a2200133 4500003000500000005001700005040000900022082001700031100002500048245008400073260002700157300001700184505021600201NUST20221206132933.0 cNust a155.9042,BHA aBhan, Kiran Sumbali  aStress Management :bCoping with the Militancy Situations /cKiran Sumbali Bhan aindia bSterlingc1998 aviii,104p .: aBiological Bases of Behavior (Page-1), Emotion and stress (Page-17), Manifestations of Stress (Page-34), Militancy Situations and Stress (Page-42), Coping with Stress (Page-52), Approaches to Treatment(Page-64).